How to help your disabled child / (Record no. 67736)

MARC details
000 -LEADER
fixed length control field 00620nam a22001697a 4500
005 - DATE AND TIME OF LATEST TRANSACTION
control field 20120608151414.0
020 ## - INTERNATIONAL STANDARD BOOK NUMBER
International Standard Book Number 8174761683
Terms of availability Rs. 135.00(hbk)
035 ## - SYSTEM CONTROL NUMBER
System control number A-936080
037 ## - SOURCE OF ACQUISITION
Stock number DPL
Source of stock number/acquisition ENG
100 ## - MAIN ENTRY--PERSONAL NAME
Personal name Cariappa, Meena
245 ## - TITLE STATEMENT
Title How to help your disabled child /
Statement of responsibility, etc by Meena Cariappa and D Geeta
260 ## - PUBLICATION, DISTRIBUTION, ETC. (IMPRINT)
Place of publication, distribution, etc New Delhi
Name of publisher, distributor, etc UBS Publisher' Distributors Ltd
Date of publication, distribution, etc 1997
300 ## - PHYSICAL DESCRIPTION
Extent 196p.
Dimensions 20 cms.
700 ## - ADDED ENTRY--PERSONAL NAME
Personal name Geeta, D
9 (RLIN) 48751
942 ## - ADDED ENTRY ELEMENTS (KOHA)
Source of classification or shelving scheme Dewey Decimal Classification
Item type English Books
Classification part 362.40833
Call number suffix CAR
Holdings
Withdrawn status Lost status Not for loan Collection code Home library Current library Date acquired Cost, normal purchase price Full call number Barcode Cost, replacement price Koha item type Source of acquisition
      Non-fiction Kadipur Kadipur 23/07/2019 135.00 362.40833 CAR A-936093 135.00 English Books BPPD/PUB
      Non-fiction Sarojini Nagar Sarojini Nagar 08/06/2012 135.00 362.40833 CAR A-936080 135.00 English Books  

© Delhi Public Library
Hit Counter
free hit counter